01130nam a2200313Ia 4500001001200000003000800012006001900020007001500039008004100054015001500095020001500110020001500125040002100140035002000161050002100181082002000202100002400222245008700246260003300333300002200366533015200388650002200540650003700562655002900599700002800628710001700656856012600673999001700799ebr10023463CaPaEBRm u cr cn|||||||||030224s2003 enka s 000 0 eng d aGBA2-W7734 z1841500437 z1841508772 aCaPaEBRcCaPaEBR a(OCoLC)5204498914aJN8b.B53 2003eb04a305.52220942211 aBlain, Neil,d1951-10aMedia, monarchy and powerh[electronic resource] /cNeil Blain and Hugh O'Donnell. aBristol :bIntellect,c2003. av, 216 p. :bill. aElectronic reproduction.bPalo Alto, Calif. :cebrary,d2013.nAvailable via World Wide Web.nAccess may be limited to ebrary affiliated libraries. 0aMonarchyzEurope. 0aPower (Social sciences)zEurope. 7aElectronic books.2local1 aO'Donnell, Hugh,d1949-2 aebrary, Inc.40uhttp://site.ebrary.com/lib/rucke/Doc?id=10023463zAn electronic book accessible through the World Wide Web; click to view c22628d22628